[Event "Let's Play Chess!"]
[Site "http://www.queenalice.com/game.php?id=290302"]
[Date "2007.10.20"]
[Round "-"]
[White "ChrisChristensen"]
[Black "Meckerkopp"]
[Result "0-1"]
[WhiteElo "1701"]
[BlackElo "1929"]

1. e4 c5 2. Bc4 Nf6 3. d3 e5 4. Nf3 Nc6 5. c3 h6 6. h3 g5 7. Be3 d6 8. Bb5 Bd7
9. Bxc6 Bxc6 10. Nbd2 b5 11. a3 a5 12. Qc2 Bg7 13. O-O-O a4 14. d4 Nd7 15. g4
exd4 16. cxd4 cxd4 17. Bxd4 O-O 18. Bxg7 Kxg7 19. Kb1 Bb7 20. Qc3+ f6 21. h4 Ne5
22. Ka1 Nxf3 23. Nxf3 Bxe4 0-1

[Event "Orlando Magic"]
[Site "http://www.queenalice.com/game.php?id=290440"]
[Date "2007.10.21"]
[Round "-"]
[White "ChrisChristensen"]
[Black "technicaldraw"]
[Result "1/2-1/2"]
[WhiteElo "1672"]
[BlackElo "2020"]

1. e4 e6 2. d4 d5 3. e5 c5 4. Nf3 cxd4 5. Qxd4 Nc6 6. Qf4 Qc7 7. c3 a6 8. Be3
Nge7 9. Bd3 Ng6 10. Bxg6 hxg6 11. Nbd2 Be7 12. Ke2 Bd7 13. Nb3 f5 14. exf6 Qxf4
15. Bxf4 gxf6 16. Bg3 e5 17. h3 O-O-O 18. Rhe1 Bf5 19. Kf1 Bd3+ 20. Kg1 g5 21.
Re3 e4 22. Nfd4 Rdf8 23. Nxc6 bxc6 24. Nd4 f5 25. Be5 Rhg8 26. Nxc6 Kd7 27. Nxe7
Kxe7 28. Bd4 Kd6 29. b4 Kc6 30. Rd1 f4 31. Rexd3 exd3 32. Rxd3 Re8 33. Kf1 Kb5
34. Rd1 Kc4 35. Rc1 Re6 36. f3 Rge8 37. a4 Kb3 38. a5 Kb2 39. Rd1 Kc2 40. Ra1
Rb8 41. Ra2+ Kd3 42. Ra1 Kc4 43. Re1 Rxe1+ 44. Kxe1 Kd3 45. g4 Re8+ 46. Kd1 Re2
47. Kc1 Rh2 48. Kb1 Rxh3 49. b5 axb5 50. a6 Rh7 51. a7 Rxa7 52. Bxa7 Kxc3 53.
Bb8 Kd3 54. Bxf4 Ke2 55. Bxg5 Kxf3 56. Kc2 Kxg4 57. Bd2 Kf5 58. Kd3 Ke6 59. Kc3
Ke5 60. Kb4 d4 61. Kxb5 Kf5 62. Kc5 Kg6 63. Kxd4 Kf5 1/2-1/2

[Event "Challenge"]
[Site "http://www.queenalice.com/game.php?id=292780"]
[Date "2007.10.25"]
[Round "-"]
[White "Capixaba789"]
[Black "ChrisChristensen"]
[Result "0-1"]
[WhiteElo "1493"]
[BlackElo "1716"]

1. e4 e5 2. Nf3 Nc6 3. Bb5 Bc5 4. Nc3 a6 5. Bc4 h6 6. d3 d6 7. Be3 Bb4 8. O-O
Bxc3 9. bxc3 Nf6 10. Re1 Na5 11. Bb3 Nxb3 12. cxb3 Bg4 13. a3 Qd7 14. a4 O-O-O
15. a5 g5 16. b4 Qe6 17. c4 Rdg8 18. Rb1 Nh5 19. b5 Nf4 20. bxa6 bxa6 21. Qa4
Bxf3 22. Ba7 Kd8 23. Qc6 Qg4 24. Rb8+ Ke7 25. Qxc7+ Ke6 26. Qc8+ Rxc8 0-1

[Event "Let's Play Chess!"]
[Site "http://www.queenalice.com/game.php?id=292985"]
[Date "2007.10.25"]
[Round "-"]
[White "CampbellMarcel"]
[Black "ChrisChristensen"]
[Result "0-1"]
[WhiteElo "1815"]
[BlackElo "1573"]

1. e4 e5 2. Nf3 Nc6 3. Bb5 a6 4. Bxc6 dxc6 5. Nxe5 Qd4 6. Nxf7 Qxe4+ 7. Kf1 Kxf7
8. f3 Qh4 9. Nc3 Nf6 10. Ne2 Be6 11. d4 Bd6 12. g3 Qh3+ 13. Kg1 g5 14. Bxg5 Nh5
15. Qd3 Rag8 16. Bh4 Qxh4 0-1

[Event "Challenge"]
[Site "http://www.queenalice.com/game.php?id=296402"]
[Date "2007.11.1"]
[Round "-"]
[White "wbj07"]
[Black "ChrisChristensen"]
[Result "1-0"]
[WhiteElo "1877"]
[BlackElo "1846"]

1. e4 e5 2. Nf3 Nc6 3. Bc4 h6 4. Nc3 Bc5 5. d3 d6 6. O-O f5 7. exf5 Nf6 8. h3
Bxf5 9. Nd5 Nb4 10. Ne3 Qd7 11. Nxf5 Qxf5 12. Be3 O-O-O 13. Bxc5 dxc5 14. a4 g5
15. Re1 Nc6 16. Qd2 e4 17. Nh2 h5 18. Re3 Ne5 19. Qc3 Nxc4 20. Qxc4 Rde8 21.
Rae1 Nd5 22. Rxe4 Nf6 23. Rxe8+ Nxe8 24. a5 Nd6 25. Qb3 g4 26. h4 Rf8 27. Rf1 c4
28. dxc4 Qc5 29. a6 b6 30. Qd3 Nxc4 31. b3 Ne5 32. Qe3 Qxe3 33. fxe3 Rxf1+ 34.
Nxf1 Ng6 35. g3 Kd7 36. Nd2 Ke6 37. Kf2 Ne7 38. b4 Nc6 39. c3 Kd6 40. Ke2 Nb8
41. Kd3 Nxa6 42. Ke4 c5 43. b5 Nc7 44. c4 a5 45. bxa6 Nxa6 46. Kf5 Kc6 47. Kg5
b5 48. cxb5+ Kxb5 49. Kxh5 Nb8 50. Kxg4 Nd7 51. Kf4 Nf6 52. Ke5 Ng4+ 53. Ke4 c4
54. Kd4 c3 55. Kxc3 Nxe3 56. Kd3 Ng4 57. Ke4 Kc6 58. Kf4 Nh6 59. Kg5 Nf7+ 60.
Kf6 1-0

[Event "Let's Play Chess!"]
[Site "http://www.queenalice.com/game.php?id=308237"]
[Date "2007.11.22"]
[Round "-"]
[White "ChrisChristensen"]
[Black "spawnwolfwolverine"]
[Result "1-0"]
[WhiteElo "1780"]
[BlackElo "1672"]

1. e4 e5 2. Bc4 d6 3. d3 Nf6 4. h3 Be7 5. c3 O-O 6. Bg5 a6 7. Nd2 c6 8. a3 b5 9.
Bb3 a5 10. a4 Ba6 11. axb5 Bxb5 12. c4 Ba6 13. Bxf6 Bxf6 14. Ngf3 c5 15. g4 g5
16. h4 Kg7 17. hxg5 Bxg5 18. Rh5 h6 19. Nxg5 hxg5 20. Nf3 f6 21. Qd2 Bc8 22. Bd1
Bxg4 23. Nxg5 Bxh5 24. Ne6+ Kf7 25. Nxd8+ Rxd8 26. Bxh5+ Ke7 27. Qh6 Kd7 28.
Qxf6 Kc7 29. Bg4 Nc6 30. Qf7+ Kb6 31. f3 Nd4 32. Kd1 a4 33. Qd5 Nb3 34. Ra3 Nd4
35. Bd7 Kc7 36. Bxa4 Rdb8 37. Qf7+ Kb6 38. Qd7 Rd8 39. Rb3+ Nxb3 40. Qc6+ Ka7
41. Qc7+ Ka6 42. Bb5# 1-0

[Event "Challenge"]
[Site "http://www.queenalice.com/game.php?id=308243"]
[Date "2007.11.22"]
[Round "-"]
[White "ChrisChristensen"]
[Black "Capixaba789"]
[Result "0-1"]
[WhiteElo "1869"]
[BlackElo "1748"]

1. e4 d6 2. Bc4 Nf6 3. h3 Nc6 4. Nf3 e6 5. d3 Be7 6. c3 e5 7. Be3 a6 8. a3 Be6
9. Bxe6 fxe6 10. Nbd2 O-O 11. Ng5 Qd7 12. h4 d5 13. Ndf3 Ng4 14. Bd2 Bc5 15. d4
exd4 16. Nh3 dxc3 17. Bxc3 Rad8 18. Nd4 dxe4 19. Nxc6 Qxd1+ 20. Rxd1 Rxd1+ 21.
Kxd1 bxc6 22. Ke2 Nxf2 23. Rf1 Nxh3 24. Rxf8+ Kxf8 25. gxh3 Kf7 26. Be5 Bd6 27.
Bc3 Kg6 28. Ke3 e5 29. Kxe4 Kh5 30. Be1 c5 31. a4 Kg6 32. b3 Kf6 33. Bd2 Ke6 34.
h5 c6 35. h4 Be7 36. Be1 Bf6 37. Bf2 Kd6 38. Be1 c4 39. b4 Bd8 40. Bc3 Bf6 41.
Bb2 Ke6 42. Bc3 Bxh4 43. Bxe5 Bf6 44. Bg3 c3 45. Kd3 g5 46. hxg6 hxg6 47. Bf4 g5
48. Bxg5 Bxg5 49. Kxc3 Kd5 50. a5 Be3 0-1

[Event "chris&gato"]
[Site "http://www.queenalice.com/game.php?id=309201"]
[Date "2007.11.24"]
[Round "-"]
[White "gato"]
[Black "ChrisChristensen"]
[Result "0-1"]
[WhiteElo "1674"]
[BlackElo "1751"]

1. e4 e5 2. f4 Nc6 3. Nf3 Bc5 4. Bc4 h6 5. fxe5 Nxe5 6. Nxe5 Qh4+ 7. g3 Qxe4+ 8.
Qe2 Qxh1+ 9. Qf1 Qe4+ 10. Qe2 Qh1+ 11. Qf1 Qxf1+ 12. Kxf1 d5 13. Bxd5 Bh3+ 14.
Ke1 O-O-O 15. c4 Re8 16. d4 Bxd4 17. Bf4 f6 18. Nc3 g5 19. Kd2 fxe5 20. Re1
Bxc3+ 21. Kxc3 gxf4 22. gxf4 Nf6 23. fxe5 Nxd5+ 24. cxd5 c5 25. d6 Kd7 26. a3
Kc6 27. b4 Kd5 28. bxc5 Rxe5 29. Rxe5+ Kxe5 30. Kc4 Rc8 31. a4 Be6+ 0-1

[Event "Challenge"]
[Site "http://www.queenalice.com/game.php?id=311234"]
[Date "2007.11.27"]
[Round "-"]
[White "technicaldraw"]
[Black "ChrisChristensen"]
[Result "0-1"]
[WhiteElo "1988"]
[BlackElo "1805"]

1. e4 e5 2. Nf3 Nc6 3. Bb5 Bc5 4. c3 a6 5. Bxc6 dxc6 6. d4 exd4 7. cxd4 Bb4+ 8.
Nc3 h6 9. O-O Bxc3 10. bxc3 Bg4 11. h3 Bh5 12. Re1 Qd7 13. Bf4 Nf6 14. Bg3 O-O-O
15. Qb3 Bxf3 16. gxf3 Nh5 17. Kg2 Nxg3 18. fxg3 g5 19. Rab1 b5 20. a4 f5 21.
axb5 cxb5 22. e5 g4 23. f4 Qc6+ 24. Kh2 gxh3 25. Kxh3 Rhg8 26. e6 Rxg3+ 0-1

[Event "2 round_ Chris&Gato"]
[Site "http://www.queenalice.com/game.php?id=312747"]
[Date "2007.11.30"]
[Round "-"]
[White "gato"]
[Black "ChrisChristensen"]
[Result "0-1"]
[WhiteElo "1723"]
[BlackElo "1850"]

1. Nc3 e5 2. e4 Bc5 3. Nf3 d6 4. d4 Bb4 5. d5 h6 6. Bd2 Nf6 7. Bb5+ c6 8. Ba4
Bg4 9. h3 Bh5 10. a3 Bxc3 11. Bxc3 Nxe4 12. Qd3 Nc5 13. Bxc6+ bxc6 14. Qd2 Ne4
15. Qd3 Nxc3 16. bxc3 Bg6 17. Qc4 c5 18. Qb3 Nd7 19. O-O O-O 20. Nh4 Qxh4 21. c4
Nf6 22. Rac1 Ne4 23. Qe3 f5 24. f3 f4 25. Qe2 Ng3 26. Qf2 Rf5 27. Rfe1 Rg5 28.
c3 Bf5 29. Kh2 Rh5 30. Kg1 Rf8 31. a4 Rf6 32. Qb2 Rg6 33. Qb8+ Kh7 34. Qxa7 Bxh3
35. Kf2 Ne4+ 36. Ke2 Qf2+ 0-1

[Event "Challenge"]
[Site "http://www.queenalice.com/game.php?id=313171"]
[Date "2007.11.30"]
[Round "-"]
[White "jwh"]
[Black "ChrisChristensen"]
[Result "1-0"]
[WhiteElo "1793"]
[BlackElo "1834"]

1. e4 e5 2. Nf3 Bc5 3. Nxe5 d6 4. Nf3 Bg4 5. d4 Bxf3 6. gxf3 Bb6 7. Rg1 Nc6 8.
c3 a6 9. Rxg7 Qf6 10. Rg2 h6 11. Na3 Nge7 12. Nc4 Ba7 13. Bd2 O-O-O 14. d5 Ne5
15. f4 Rhg8 16. fxe5 dxe5 17. Qe2 Kb8 18. Rg3 Rxg3 19. fxg3 b5 20. Ne3 Qg6 21.
Ng4 Qh5 22. Nxh6 Qxe2+ 23. Bxe2 Ng6 24. Nxf7 Rf8 25. Nh6 Bf2+ 26. Kd1 Rh8 27.
Ng4 Bc5 28. a4 b4 29. cxb4 Bd4 30. Bc3 Bxc3 31. bxc3 Kb7 32. c4 c5 33. bxc5 a5
34. Rb1+ Kc7 35. Rb6 Nf8 36. Nxe5 Rxh2 37. d6+ Kc8 38. Bg4+ 1-0

[Event "Challenge"]
[Site "http://www.queenalice.com/game.php?id=314851"]
[Date "2007.12.4"]
[Round "-"]
[White "ChrisChristensen"]
[Black "Koutousov"]
[Result "1-0"]
[WhiteElo "1843"]
[BlackElo "1812"]

1. e4 d5 2. exd5 Qxd5 3. Nc3 Qd6 4. Bc4 Nf6 5. h3 c6 6. Nf3 Be6 7. d3 Bxc4 8.
dxc4 Qxd1+ 9. Nxd1 Nbd7 10. Nc3 e6 11. a3 Bd6 12. Be3 O-O 13. g4 Nb6 14. b3 Rfd8
15. Bg5 Be7 16. O-O 1-0

[Event "Challenge"]
[Site "http://www.queenalice.com/game.php?id=318086"]
[Date "2007.12.10"]
[Round "-"]
[White "Mike36bh"]
[Black "ChrisChristensen"]
[Result "0-1"]
[WhiteElo "1690"]
[BlackElo "1807"]

1. d4 d5 2. Nc3 a6 3. e4 dxe4 4. Nxe4 Bf5 5. Nc3 e6 6. a3 Nf6 7. h3 Nc6 8. Nf3
h6 9. Bd3 Bxd3 10. cxd3 Bd6 11. O-O Ne7 12. Ne5 Bxe5 13. dxe5 Nfd5 14. Nxd5 Nxd5
15. Qa4+ b5 16. Qg4 Qe7 17. Qxg7 O-O-O 18. Qg4 f5 19. Qd1 h5 20. a4 b4 21. d4
Qh4 22. Qd3 Kb7 23. a5 c6 24. Bd2 Rdg8 25. Qb3 Qxd4 26. Rad1 c5 27. Be3 Qe4 28.
f3 Qxe3+ 29. Qxe3 Nxe3 30. Rd7+ Kc8 31. Rd6 Nxf1 32. Kxf1 Rh6 33. Rxa6 Kb7 34.
Rb6+ Kc7 35. Rd6 Rd8 36. Rb6 Rd1+ 37. Ke2 Ra1 38. Ra6 c4 39. Ra7+ Kc6 40. a6 c3
41. bxc3 b3 42. Rb7 Rh8 43. Rxb3 Rxa6 44. f4 Kc5 45. Kd3 Rd8+ 46. Kc2 h4 47. Rb4
Rg8 48. Kb3 Rxg2 49. Rc4+ Kb6 50. Rb4+ Ka7 51. Rb5 Rb6 52. Rxb6 Kxb6 53. c4 Kc5
0-1

[Event "Challenge 01"]
[Site "http://www.queenalice.com/game.php?id=319754"]
[Date "2007.12.13"]
[Round "-"]
[White "jamesrl"]
[Black "ChrisChristensen"]
[Result "0-1"]
[WhiteElo "2017"]
[BlackElo "1839"]

1. e4 e5 2. Nf3 Nc6 3. Bc4 h6 4. c3 Nf6 5. O-O Bc5 6. d4 d5 7. exd5 Na5 8. Nxe5
Nxc4 9. Nxc4 Be7 10. Re1 Qxd5 11. b3 Be6 12. Nbd2 O-O-O 13. Ne5 Bd6 14. Qf3 Qxf3
15. Ndxf3 g5 16. Bb2 Rhg8 0-1

[Event "Challenge"]
[Site "http://www.queenalice.com/game.php?id=319825"]
[Date "2007.12.14"]
[Round "-"]
[White "ChrisChristensen"]
[Black "pony"]
[Result "0-1"]
[WhiteElo "1845"]
[BlackElo "1921"]

1. e4 c5 2. Bc4 Nc6 3. c3 e6 4. d3 d5 5. exd5 exd5 6. Bb5 Ne7 7. Nf3 a6 8. Bxc6+
Nxc6 9. h3 Bd6 10. Bg5 f6 11. Bh4 Qe7+ 12. Qe2 Bf5 13. Qxe7+ Kxe7 14. O-O Bxd3
15. Re1+ Kf7 16. Nbd2 Rhe8 17. g4 g5 18. Bg3 Bxg3 19. fxg3 Rxe1+ 20. Rxe1 Re8
21. Kf2 Rxe1 22. Nxe1 Bg6 23. Ndf3 Ne5 24. Nxe5+ fxe5 25. Nf3 Kf6 26. h4 h6 0-1

[Event "Challenge"]
[Site "http://www.queenalice.com/game.php?id=321413"]
[Date "2007.12.16"]
[Round "-"]
[White "sunking"]
[Black "ChrisChristensen"]
[Result "0-1"]
[WhiteElo "1827"]
[BlackElo "1823"]

1. e4 e5 2. Nf3 Nc6 3. d3 h6 4. Nc3 Bc5 5. d4 exd4 6. Na4 Bb4+ 7. Bd2 d6 8. Bb5
Bd7 9. c3 dxc3 10. bxc3 Ba5 11. O-O Nge7 12. Nh4 a6 13. Qh5 axb5 14. Nb2 Ne5 15.
f4 Bg4 16. Qxe5 dxe5 17. Rad1 Bb6+ 18. Kh1 Bxd1 19. Rxd1 Qc8 20. f5 Rxa2 21. Nd3
Qa8 22. h3 Rxd2 23. Rxd2 Qa1+ 24. Kh2 g5 25. Nf3 h5 26. Nxg5 Qg1+ 27. Kg3 h4+
28. Kg4 Qe3 29. Nf3 Qxe4+ 30. Kg5 Qxf5# 0-1

[Event "Challenge"]
[Site "http://www.queenalice.com/game.php?id=324125"]
[Date "2007.12.21"]
[Round "-"]
[White "kalim"]
[Black "ChrisChristensen"]
[Result "1-0"]
[WhiteElo "1782"]
[BlackElo "1859"]

1. d4 d5 2. e4 dxe4 3. Nc3 Bf5 4. f3 Nf6 5. g4 Bg6 6. g5 Nd5 7. Nxe4 e6 8. c3 h6
9. h4 Be7 10. h5 hxg5 11. Bg2 Bxh5 12. Nh3 f6 13. Qe2 Kf7 14. O-O Nd7 15. c4
N7b6 16. cxd5 Nxd5 17. Re1 Kg8 18. Bd2 a5 19. Rac1 Bb4 20. Nc3 Nf4 21. Nxf4 gxf4
22. Bxf4 Bd6 23. Bxd6 Qxd6 24. Qxe6+ Bf7 25. Qxd6 cxd6 26. Re7 Re8 27. Rxe8+
Bxe8 28. d5 f5 29. Ne2 g5 30. Rc8 Kf8 31. Nd4 1-0

[Event "Challenge"]
[Site "http://www.queenalice.com/game.php?id=326237"]
[Date "2007.12.26"]
[Round "-"]
[White "ChrisChristensen"]
[Black "Mike36bh"]
[Result "1-0"]
[WhiteElo "1830"]
[BlackElo "1714"]

1. e4 e5 2. Nf3 d6 3. Bc4 h6 4. h3 Nf6 5. d3 a6 6. a3 Nc6 7. c3 Be6 8. Bxe6 fxe6
9. Nh4 d5 10. Nd2 dxe4 11. Nxe4 Nxe4 12. Qh5+ Kd7 13. dxe4 Bc5 14. Ng6 Re8 15.
Be3 Bd6 16. O-O Ne7 17. Nxe5+ Kc8 18. Rad1 b6 19. Bxb6 cxb6 20. Nf7 Qc7 21.
Nxd6+ Kb8 22. Nxe8 Qc6 23. Rd8+ Kb7 24. Rd6 Qxe8 25. Qe5 a5 26. Rxe6 Ka6 27.
Rxe7 Qg8 28. a4 Qc4 29. b3 Qxb3 30. Qc7 Qxa4 31. Qb7+ Kb5 32. Rb1+ Kc4 33. Qd5+
Kxc3 34. Rc7+ 1-0

[Event "Challenge"]
[Site "http://www.queenalice.com/game.php?id=326914"]
[Date "2007.12.28"]
[Round "-"]
[White "cleriston"]
[Black "ChrisChristensen"]
[Result "1-0"]
[WhiteElo "2023"]
[BlackElo "1851"]

1. e4 e5 2. d4 exd4 3. c3 dxc3 4. Bc4 Bb4 5. bxc3 Bc5 6. Qd5 Qe7 7. Bg5 Nf6 8.
Bxf6 gxf6 9. Ne2 Nc6 10. Ng3 d6 11. Bb5 Bd7 12. Nf5 Bxf5 13. Bxc6+ bxc6 14. Qxf5
Qe5 15. O-O Rg8 16. Qxh7 Qg5 17. Qh3 Ke7 18. Rd1 Rh8 19. Qf3 Qh4 20. h3 Rag8 21.
Rd3 d5 22. exd5 Rg4 23. Nd2 Rf4 24. Qe2+ Kf8 25. Nf3 Re4 26. Qb2 Qg3 27. dxc6
Rg8 28. Rd8+ Re8 29. Rxe8+ Kxe8 30. Ne1 1-0

[Event "Challenge"]
[Site "http://www.queenalice.com/game.php?id=336445"]
[Date "2008.1.14"]
[Round "-"]
[White "Ahlkhanvio"]
[Black "ChrisChristensen"]
[Result "1-0"]
[WhiteElo "1968"]
[BlackElo "1862"]

1. d4 d5 2. e3 Nf6 3. Bd3 c5 4. c3 c4 5. Bc2 a6 6. f4 Bg4 7. Nf3 e6 8. Nbd2 Nc6
9. O-O h6 10. e4 dxe4 11. Nxe4 Nxe4 12. Bxe4 f5 13. Bxc6+ bxc6 14. b3 g5 15.
fxg5 hxg5 16. Bxg5 Qc7 17. h3 Bxh3 18. Qe2 Qd6 19. Bf4 Qxf4 20. Qxe6+ 1-0